[Event "TUR-chT"]
[Site "Konya"]
[Date "2010.07.07"]
[Round "11"]
[White "Tandogan, Buket"]
[Black "Menzi, Nezihe Ezgi"]
[Result "0-1"]
[WhiteElo "1553"]
[BlackElo "1851"]
[PlyCount "58"]
[EventDate "2010.06.29"]
[EventType "team-tourn"]
[EventRounds "13"]
[EventCountry "TUR"]
[SourceTitle "CBM 137 Extra"]
[Source "ChessBase"]
[SourceDate "2010.09.01"]
[SourceVersion "1"]
[SourceVersionDate "2010.09.01"]
[SourceQuality "1"]

1. e4 c5 2. Nf3 d6 3. d4 cxd4 4. Nxd4 Nf6 5. Nc3 g6 6. Be3 Bg7 7. f3 Nc6 8. Qd2 Bd7 9. Bc4 a6 10. h4 h5 11. Bb3 Rc8 12. 0-0-0 Ne5 13. Kb1 Nc6 14. Kc1 Ne5 15. Kb1 Nc4 16. Bxc4 Rxc4 17. Nb3 b5 18. Bg5 Rc8 19. Qe3 Qc7 20. Rd2 Be6 21. Nd4 Bc4 22. Nce2 Qa5 23. b3 Bxe2 24. Qxe2 Nd7 25. Qf2 Ne5 26. Rhd1 Qb4 27. Re2 Nc4 28. Bd2 Na3+ 29. Kc1 Qxd4 0-1

[Event "TUR-chT"]
[Site "Konya"]
[Date "2010.07.02"]
[Round "6"]
[White "Sahin, Handenur"]
[Black "Tandogan, Buket"]
[Result "1/2-1/2"]
[WhiteElo "1656"]
[BlackElo "1553"]
[PlyCount "94"]
[EventDate "2010.06.29"]
[EventType "team-tourn"]
[EventRounds "13"]
[EventCountry "TUR"]
[SourceTitle "CBM 137 Extra"]
[Source "ChessBase"]
[SourceDate "2010.09.01"]
[SourceVersion "1"]
[SourceVersionDate "2010.09.01"]
[SourceQuality "1"]

1. d4 Nf6 2. Nf3 e6 3. Bf4 d5 4. e3 Nbd7 5. Nbd2 c5 6. c3 Be7 7. Be2 0-0 8. 0-0 b6 9. h3 Bb7 10. Bd3 Nh5 11. Bh2 f5 12. Ne5 Nhf6 13. Ndf3 c4 14. Bc2 b5 15. Ng5 Qb6 16. a4 Nxe5 17. Bxe5 Ne4 18. Nxe4 fxe4 19. axb5 Qxb5 20. Qg4 Rf7 21. Ra2 Qb6 22. Ba4 Bf6 23. Bg3 Bc8 24. Qe2 Bd7 25. Bxd7 Rxd7 26. Rfa1 a5 27. Kh1 Rda7 28. f3 exf3 29. gxf3 a4 30. Rb1 a3 31. Qc2 Qb3 32. Qxb3 cxb3 33. Rxa3 Rxa3 34. bxa3 Be7 35. Rxb3 Rxa3 36. Rxa3 Bxa3 37. Kg2 Bc1 38. Kf2 Bd2 39. Ke2 Bxc3 40. Kd3 Bb4 41. e4 Kf7 42. Be5 g6 43. Ke3 Be7 44. Kf4 Bd8 45. Kg3 Be7 46. Kg4 Bd8 47. Kg3 Be7 1/2-1/2

[Event "TUR-chT"]
[Site "Konya"]
[Date "2010.06.29"]
[Round "1"]
[White "Gundogan, Cem"]
[Black "Tandogan, Buket"]
[Result "1-0"]
[WhiteElo "1816"]
[BlackElo "1553"]
[PlyCount "117"]
[EventDate "2010.06.29"]
[EventType "team-tourn"]
[EventRounds "13"]
[EventCountry "TUR"]
[SourceTitle "CBM 137 Extra"]
[Source "ChessBase"]
[SourceDate "2010.09.01"]
[SourceVersion "1"]
[SourceVersionDate "2010.09.01"]
[SourceQuality "1"]

1. e4 c5 2. d4 cxd4 3. c3 Nc6 4. cxd4 e6 5. Nc3 d6 6. Bc4 Nf6 7. Nf3 Be7 8. Bf4 0-0 9. 0-0 a6 10. a4 d5 11. exd5 Nxd5 12. Nxd5 exd5 13. Bd3 Bg4 14. h3 Be6 15. Rc1 Rc8 16. Bb1 Bf6 17. Qd3 g6 18. Bh6 Bg7 19. Bxg7 Kxg7 20. Qd2 Qa5 21. Qd1 Qb4 22. Bc2 Na5 23. b3 Rc3 24. Qd2 Rfc8 25. Rb1 Qb6 26. b4 Rxc2 27. bxa5 Qc6 28. Qb4 Rc4 29. Qxb7 Qxb7 30. Rxb7 Rxa4 31. Ng5 Re8 32. Re1 Kg8 33. Rb6 Rxa5 34. Nxe6 fxe6 35. Rbxe6 Rxe6 36. Rxe6 Ra1+ 37. Kh2 Rd1 38. Rxa6 Rxd4 39. Kg3 Kf7 40. Ra7+ Kg8 41. Kf3 Rd1 42. Rd7 h6 43. Ke2 Rd4 44. Ke3 Rd1 45. h4 Rh1 46. g3 Rd1 47. Kf4 Rf1 48. Kf3 Rd1 49. Kg4 Rd2 50. f4 Rd1 51. h5 gxh5+ 52. Kxh5 Rd3 53. g4 d4 54. Kxh6 Rd1 55. Kg6 Kf8 56. f5 d3 57. f6 Ke8 58. Rd6 Rf1 59. Rxd3 1-0

[Event "Wch U12 Girls"]
[Site "Kemer"]
[Date "2009.11.21"]
[Round "10"]
[White "Sadykova, Yasmin"]
[Black "Tandogan, Buket"]
[Result "1/2-1/2"]
[WhiteElo "1863"]
[BlackElo "1437"]
[PlyCount "83"]
[EventDate "2009.11.12"]
[EventType "swiss"]
[EventRounds "11"]
[EventCountry "TUR"]
[SourceTitle "EXT 2010"]
[Source "ChessBase"]
[SourceDate "2010.11.25"]
[SourceVersion "1"]
[SourceVersionDate "2010.11.25"]
[SourceQuality "1"]

1. e4 c5 2. Nf3 Nc6 3. Bb5 e6 4. Nc3 Qc7 5. Bxc6 bxc6 6. d4 cxd4 7. Nxd4 Nf6 8. 0-0 Be7 9. Bg5 0-0 10. Kh1 d5 11. f3 Ba6 12. Re1 c5 13. Nb3 d4 14. e5 dxc3 15. exf6 Bxf6 16. Bxf6 gxf6 17. bxc3 Rad8 18. Qc1 Kg7 19. Re4 f5 20. Rh4 Kh8 21. Qh6 f6 22. Nxc5 Bc8 23. Nd3 Rf7 24. Nf4 Qxc3 25. Rg1 Qxc2 26. Qg6 Rdf8 27. Qh5 Kg8 28. Rh3 Rg7 29. Qh4 Rff7 30. Nh5 Rg6 31. Qd4 Qc7 32. Re1 e5 33. Qd5 f4 34. Rh4 Bb7 35. Qe6 Qd7 36. Qb3 Qd5 37. Qa4 Rf8 38. Rd1 Bc6 39. Rxd5 Bxa4 40. Ra5 Rd8 41. h3 Rd1+ 42. Kh2 1/2-1/2

[Event "Wch U12 Girls"]
[Site "Kemer"]
[Date "2009.11.16"]
[Round "5"]
[White "Tandogan, Buket"]
[Black "Bagirova, Khatun"]
[Result "0-1"]
[WhiteElo "1437"]
[BlackElo "1809"]
[PlyCount "57"]
[EventDate "2009.11.12"]
[EventType "swiss"]
[EventRounds "11"]
[EventCountry "TUR"]
[SourceTitle "EXT 2010"]
[Source "ChessBase"]
[SourceDate "2010.11.25"]
[SourceVersion "1"]
[SourceVersionDate "2010.11.25"]
[SourceQuality "1"]

1. e4 c5 2. Nf3 d6 3. d4 cxd4 4. Nxd4 Nf6 5. Nc3 a6 6. g3 e6 7. Bg2 Be7 8. 0-0 0-0 9. a4 Qc7 10. h3 Nc6 11. Nde2 b6 12. g4 Bb7 13. Ng3 Rfd8 14. Be3 Ne5 15. g5 Ne8 16. f4 Nc4 17. Bc1 Qc5+ 18. Kh2 g6 19. Qe2 Rac8 20. f5 Nc7 21. h4 Re8 22. f6 Bf8 23. h5 e5 24. Bh3 Rcd8 25. hxg6 hxg6 26. Nf5 d5 27. Nh4 Nd6 28. Nxd5 Nxd5 29. exd5 0-1

[Event "Wch U12 Girls"]
[Site "Kemer"]
[Date "2009.11.13"]
[Round "2"]
[White "Mahalakshmi, Muganda Kumar"]
[Black "Tandogan, Buket"]
[Result "1-0"]
[WhiteElo "1828"]
[BlackElo "1437"]
[PlyCount "57"]
[EventDate "2009.11.12"]
[EventType "swiss"]
[EventRounds "11"]
[EventCountry "TUR"]
[SourceTitle "EXT 2010"]
[Source "ChessBase"]
[SourceDate "2010.11.25"]
[SourceVersion "1"]
[SourceVersionDate "2010.11.25"]
[SourceQuality "1"]

1. d4 Nf6 2. c4 e6 3. Nc3 Bb4 4. f3 d5 5. a3 Bxc3+ 6. bxc3 0-0 7. e3 b6 8. Bd3 Bb7 9. Ne2 Nbd7 10. cxd5 exd5 11. 0-0 Re8 12. Ng3 Rc8 13. Ra2 c5 14. Re2 Qc7 15. e4 Nf8 16. e5 N6d7 17. Nf5 Ra8 18. Nd6 Reb8 19. Qe1 Ne6 20. Qh4 Ndf8 21. f4 a6 22. f5 Nd8 23. f6 g6 24. Bh6 Nde6 25. Bxf8 Rxf8 26. Nf5 c4 27. Ne7+ Kh8 28. Re3 Rfd8 29. Qxh7+ 1-0

[Event "Wch U12 Girls"]
[Site "Kemer"]
[Date "2009.11.12"]
[Round "1"]
[White "Tandogan, Buket"]
[Black "Romero, Daniela"]
[Result "1-0"]
[WhiteElo "1437"]
[BlackElo "1912"]
[PlyCount "101"]
[EventDate "2009.11.12"]
[EventType "swiss"]
[EventRounds "11"]
[EventCountry "TUR"]
[SourceTitle "EXT 2010"]
[Source "ChessBase"]
[SourceDate "2010.11.25"]
[SourceVersion "1"]
[SourceVersionDate "2010.11.25"]
[SourceQuality "1"]

1. e4 c5 2. Nf3 d6 3. d4 cxd4 4. Nxd4 Nf6 5. Nc3 a6 6. g3 e5 7. Nde2 Be7 8. Bg2 0-0 9. 0-0 Nc6 10. a4 Be6 11. h3 Qd7 12. g4 h5 13. f3 Kh7 14. Kh2 hxg4 15. fxg4 Rh8 16. Ng3 Kg8 17. Nf5 g6 18. Nxe7+ Qxe7 19. Nd5 Nxg4+ 20. Kg1 Qh4 21. hxg4 Qh2+ 22. Kf2 Rh3 23. Rh1 Qg3+ 24. Kg1 Rxh1+ 25. Kxh1 Kg7 26. Kg1 Rh8 27. Bg5 Rh2 28. Qf1 Bxg4 29. Ra3 Rxg2+ 30. Qxg2 Qe1+ 31. Kh2 Bh5 32. Bf6+ Kf8 33. Rh3 Qd1 34. Rd3 Qa1 35. Nb6 Qxb2 36. Nd7+ Ke8 37. Rxd6 Qa3 38. Qd2 Nd4 39. Rxd4 exd4 40. Qxd4 Bg4 41. Nc5 Qh3+ 42. Kg1 Qg3+ 43. Kf1 Qf3+ 44. Qf2 Qh1+ 45. Qg1 Be2+ 46. Kf2 Qf3+ 47. Ke1 Bc4 48. Qf2 Qa3 49. Kd2 b6 50. Nd3 Bxd3 51. Qd4 1-0